01074 2200349 4500001002100000005001500021035002000036007000300056008004100059020002200100040002200122082001500144084001500159090001900174090002100193245009800214250002000312300004500332500004500377650003200422700002400454850001200478041001300490710002700503264004400530336002100574337003000595338002300625504003400648999002100682990002100703INLIS00000000084494920190717011138 a0010-0319000472ta190327s2018 yoia g | ind d a978-602-6657-67-1 aYOPDYOGbinderda04223a495.68 a495.68 SIM aDEP 495.68 SIM aCB-D.11 2018-9781 aSimple Fun and easy :bpercakapan Bahasa Jepang /cBright Learning Center; editor Puput Alvia aCetakan I, 2018 avii, 388 halaman :bfoto, tabel ;c19 cm aterdapat dua bahasa indonesia dan Jepang 4aBahasa Jepang--xPercakapan0 aPuput Alviaeeditor aYOPDYOG0 aindgjap2 aBright Learning Center34aYogyakarta :bAria Media Mandiri,c2018 2rdacontentateks 2rdamediaatanpa perantara 2rdacarrieravolume aBibliografi : halaman 385-387 aCB-D.11/2018-978 aCB-D.11/2018-978